| 000 | 01046fam a2200337 a 4500 | ||
|---|---|---|---|
| 001 | 4056036 | ||
| 003 | ASAB | ||
| 005 | 20180827062701.0 | ||
| 008 | 960812s1997 enka e 000 0 eng | ||
| 010 | _a 96038381 | ||
| 020 | _a0198631472 | ||
| 035 | _a(OCoLC)35285444 | ||
| 035 | _a(OCoLC)ocm35285444 | ||
| 035 | _a(NNC)4056036 | ||
| 040 |
_aDLC _cASAB _dNNC-M |
||
| 050 | 0 | 0 |
_aRA784 _b.K397 1997 |
| 082 | 0 | 0 |
_a613.7/03 _220 |
| 100 | 1 |
_aKent, Michael, _d1950- _92176 |
|
| 245 | 1 | 0 |
_aFood and fitness : _ba dictionary of diet and exercise / _cMichael Kent. |
| 260 |
_aOxford, [England] ; _aNew York : _bOxford University Press, _c1997. |
||
| 300 |
_a377 p. : _bill. ; _c23 cm. |
||
| 650 | 0 |
_aNutrition _vEncyclopedias. _92177 |
|
| 650 | 0 |
_aExercise _vEncyclopedias. _92178 |
|
| 650 | 0 |
_aPhysical fitness _vEncyclopedias. _92179 |
|
| 650 | 2 |
_aNutritional Physiological Phenomena. _92180 |
|
| 650 | 2 |
_aExercise. _92181 |
|
| 650 | 2 |
_aPhysical Fitness. _92182 |
|
| 655 | 7 |
_aEncyclopedias. _2mesh _92183 |
|
| 942 |
_2ddc _cBK |
||
| 999 |
_c480249 _d480249 |
||